| 000 | 00759nam a2200157 a 4500 | ||
|---|---|---|---|
| 001 | 000032341 | ||
| 005 | 20200930065605.0 | ||
| 008 | 110714s1894 dr 000 0 spa d | ||
| 040 |
_aDO-SdBNP _bspa _cBNPHU |
||
| 082 |
_axxxx _bM533c |
||
| 245 | 0 | 0 | _aMemoria que al ciudadano presidente de la república presenta el ciudadano ministro de correos y telégrafos, acompañada de varios anexos, entre los cuales figura la memoria del ciudadano administrador general de correo i la estadística postal correspondiente al año de 1893. |
| 260 |
_aSanto Domingo : _bImprenta "Cuna de América" J. R. Roques, _c1894. |
||
| 300 |
_a42 p. ; _c23 cm. |
||
| 500 | _aIncluye estadística postal de la República Dominicana correspondiente al año de 1894. | ||
| 049 | _aBNPD | ||
| 999 |
_c31832 _d31832 |
||